Meilleurs buteurs de l'histoire du LOSC - Statistiques

Statistiques générales
  • Ce quiz a été pris 46 fois
  • Le résultat moyen est 6 sur 25
Statistiques - réponses
Nation games goals Name % Correct
2 🇨🇦/🇺🇸 183 84 Jonathan David
100%
11 🇧🇪 194 50 Eden Hazard
88%
3 🇫🇷 154 71 Jean Baratte
61%
18 🇨🇮/🇫🇷 79 37 Nicolas Pépé
54%
23 🇨🇮 93 36 Gervinho
46%
22 🇸🇳/🇫🇷 76 36 Moussa Sow
46%
25 🇨🇮 80 34 Salomon Kalou
41%
19 🇫🇷 138 37 Nolan Roux
24%
20 🇫🇷 252 37 Yohan Cabaye
24%
10 🇫🇷 89 51 André Guy
12%
1 🇫🇷 288 96 André Strappe
12%
13 🇧🇪 130 44 Erwin Vandenbergh
7%
15 🇨🇬/🇫🇷 140 39 Matt Moussilou
7%
5 🇫🇷 131 62 Pierre Pleimelding
7%
14 🇫🇷 273 44 Djezon Boutoille
5%
7 🇫🇷 179 62 Jean Vincent
5%
17 🇫🇷 133 38 Laurent Peyrelade
5%
8 🇫🇷 174 60 Gérard Bourbotte
2%
24 🇷🇸 120 36 Stanislav Karasi
2%
6 🇫🇷 173 62 Yvon Douis
2%
4 🇫🇷 156 64 Bernard Lefèvre
0%
9 🇫🇷 109 54 Christian Coste
0%
12 🇫🇷 79 48 Fernand Devlaminck
0%
16 🇫🇷 105 38 François Heutte
0%
21 🇫🇷 49 36 René Fatoux
0%
Aucun quiz correspondant
Distribution des résultats
% des personnes avec chaque résultat
Percentile par nombre de réponses
Votre historique - résultats
Vous n’avez pas pris ce quiz